Pulp: Albums by Cover - Statistics

General Stats
  • This quiz has been taken 43 times
  • The average score is 6 of 8
Answer Stats
Picture Hint Answer % Correct
1995 Different Class
100%
1994 His 'n' Hers
90%
1998 This Is Hardcore
90%
2001 We Love Life
71%
2025 More
67%
1992 Separations
57%
1987 Freaks
52%
1983 It
52%
No matching quizzes found
Score Distribution
Percent of People with Each Score
Percentile by Number Answered
Your Score History
You have not taken this quiz